[Event "FIN-ch Seniors 2019"]
[Site "Helsinki"]
[Date "2019.06.15"]
[Round "6.1"]
[White "Leukkunen, Raimo"]
[Black "Hurme, Harri"]
[Result "*"]
[WhiteElo "1876"]
[BlackElo "2122"]
[Annotator "NA"]
[PlyCount "84"]
[EventDate "2019.06.10"]
[EventType "swiss"]
[EventCountry "FIN"]
[SourceTitle "playchess.com"]
[Source "ChessBase"]
[SourceQuality "1"]
[TimeControl "40/5400+30:1800+30"]

1. f4 {[%emt 1:30:30]} d5 {[%emt 1:30:30]} 2. Nf3 {[%emt 0:00:00]} Nf6 {
[%emt 0:01:00]} 3. e3 {[%emt 0:00:46]} g6 {[%emt 0:00:13]} 4. Nc3 {[%emt 0:00:
35]} Bg7 {[%emt 0:00:25]} 5. b3 {[%emt 0:00:09]} O-O {[%emt 0:00:32]} 6. Bb2 {
[%emt 0:00:07] A03: Bird's Opening with 1...d5} c5 {[%emt 0:02:53]} 7. Ne2 {
[%emt 1:31:53]} (7. Na4 b6 8. Be2 Bb7 9. Ne5 Qd6 10. Bf3 Ne4 11. O-O Ng5 12. d4
Nxf3+ 13. Rxf3 cxd4 14. exd4 {0-1 (63) Schuster,P (2473)-Zhak,B (2651) ICCF
email 2012}) 7... e6 $146 {[%emt 0:04:27]} ({Predecessor:} 7... Nc6 8. Ng3 Nd7
9. Bxg7 Kxg7 10. Be2 e5 11. fxe5 Ndxe5 12. O-O b6 13. a3 Qc7 14. Nxe5 Qxe5 {
1/2-1/2 (36) Uphoff,J (1581)-Scheerer,J (1364) Heusenstamm 2018}) 8. h3 {
[%emt 0:06:08]} Nc6 {[%emt 0:03:19]} 9. d3 {[%emt 0:03:00]} b5 {[%emt 0:04:02]}
10. g4 {[%emt 0:05:31]} Bb7 {[%emt 0:04:52]} 11. Bg2 {[%emt 0:00:31] [#]} (11.
g5 $142 Nh5 12. d4) 11... d4 {[%emt 0:05:45]} (11... Nxg4 $1 $17 {[%mdl 512]}
12. Bxg7 (12. hxg4 Bxb2) 12... Nxe3 {[%mdl 64] Double Attack} 13. Bxf8 Kxf8)
12. e4 {[%emt 0:06:38]} Nd7 {[%emt 1:08:32]} 13. O-O {[%emt 0:02:37]} a5 {
[%emt 0:04:19]} 14. a3 {[%emt 0:05:09]} Qc7 {[%emt 0:04:06]} 15. Bc1 {[%emt 0:
01:31]} Nb6 {[%emt 0:03:51]} 16. Qe1 {[%emt 0:01:21]} c4 {[%emt 0:02:09]} 17.
e5 {[%emt 0:04:56]} Rfd8 {[%emt 0:04:18]} 18. Qf2 {[%emt 0:00:29]} Rd7 {
[%emt 0:47:20]} 19. Nfxd4 {[%emt 0:06:41]} Nxd4 $15 {[%emt 0:00:33]} 20. Nxd4 {
[%emt 0:50:58]} Bxg2 {[%emt 0:01:45]} 21. Kxg2 {[%emt 0:01:59]} Rad8 {[%emt 0:
00:40]} 22. Be3 {[%emt 0:00:36]} Nd5 {[%emt 0:00:24]} 23. Nf3 {[%emt 0:06:29]}
cxb3 {[%emt 0:01:42]} 24. cxb3 {[%emt 0:02:23]} Nxe3+ {[%emt 0:00:40]} 25. Qxe3
{[%emt 0:00:16]} Rxd3 {[%emt 0:00:05]} 26. Rac1 {[%emt 0:40:48]} Qb7 {[%emt 0:
05:45]} 27. Qc5 {[%emt 0:04:31]} Rxb3 {[%emt 0:01:34]} 28. Rc3 {[%emt 0:02:35]}
Bf8 {[%emt 0:02:33]} 29. Qe3 {[%emt 0:04:31]} Rxc3 {[%emt 0:00:15]} 30. Qxc3 {
[%emt 0:00:08]} b4 {[%emt 0:00:12]} 31. axb4 {[%emt 0:00:15]} axb4 {[%emt 0:00:
16]} 32. Qb3 {[%emt 0:24:18]} Qe4 {[%emt 0:01:39]} 33. Kg3 {[%emt 0:11:12]} Rd3
{[%emt 0:00:04]} 34. Qb2 {[%emt 0:12:43]} h6 {[%emt 0:01:17]} 35. h4 {[%emt 0:
02:14]} b3 {[%emt 0:00:54]} 36. Qf2 {[%emt 0:03:08]} Ba3 {[%emt 0:02:38]} 37.
Qa7 {[%emt 0:00:39]} b2 {[%emt 0:01:50]} 38. Qb8+ {[%emt 0:00:29]} Kg7 {
[%emt 0:00:03]} 39. g5 {[%emt 0:04:42]} b1=Q {[%emt 0:02:02]} 40. gxh6+ {
[%emt 0:00:41]} Kh7 {[%emt 0:00:05]} 41. Qxb1 {[%emt 0:02:20]} Rxf3+ {[%emt 0:
00:15]} 42. Kg2 {[%emt 0:00:24]} Qe2+ {[%emt 0:00:45]} *

[Event "FIN-ch Seniors 2019"]
[Site "Helsinki"]
[Date "2019.06.15"]
[Round "6.1"]
[White "Leukkunen, Raimo"]
[Black "Hurme, Harri"]
[Result "0-1"]
[WhiteElo "1876"]
[BlackElo "2122"]
[Annotator "ChessBase"]
[PlyCount "84"]
[EventDate "2019.06.10"]
[EventType "swiss"]
[EventCountry "FIN"]
[SourceTitle "playchess.com"]
[Source "ChessBase"]
[SourceQuality "1"]
[TimeControl "40/5400+30:1800+30"]

1. f4 {[%emt 0:00:00]} d5 {[%emt 0:00:00]} 2. Nf3 {[%emt 0:00:00]} Nf6 {
[%emt 0:01:00]} 3. e3 {[%emt 0:00:46]} g6 {[%emt 0:00:13]} 4. Nc3 {[%emt 0:00:
35]} Bg7 {[%emt 0:00:25]} 5. b3 {[%emt 0:00:09]} O-O {[%emt 0:00:32]} 6. Bb2 {
[%emt 0:00:07]} c5 {[%emt 0:02:53]} 7. Ne2 {[%emt 0:02:53]} e6 {[%emt 0:04:27]}
8. h3 {[%emt 0:06:08]} Nc6 {[%emt 0:03:19]} 9. d3 {[%emt 0:03:00]} b5 {[%emt 0:
04:02]} 10. g4 {[%emt 0:05:31]} Bb7 {[%emt 0:04:52]} 11. Bg2 {[%emt 0:00:31]}
d4 {[%emt 0:05:45]} 12. e4 {[%emt 0:06:38]} Nd7 {[%emt 0:05:29]} 13. O-O {
[%emt 0:02:37]} a5 {[%emt 0:04:19]} 14. a3 {[%emt 0:05:09]} Qc7 {[%emt 0:04:06]
} 15. Bc1 {[%emt 0:01:31]} Nb6 {[%emt 0:03:51]} 16. Qe1 {[%emt 0:01:21]} c4 {
[%emt 0:02:09]} 17. e5 {[%emt 0:04:56]} Rfd8 {[%emt 0:04:18]} 18. Qf2 {[%emt 0:
00:29]} Rd7 {[%emt 0:07:49]} 19. Nfxd4 {[%emt 0:06:41]} Nxd4 {[%emt 0:00:33]}
20. Nxd4 {[%emt 0:01:27]} Bxg2 {[%emt 0:01:45]} 21. Kxg2 {[%emt 0:01:59]} Rad8
{[%emt 0:00:40]} 22. Be3 {[%emt 0:00:36]} Nd5 {[%emt 0:00:24]} 23. Nf3 {
[%emt 0:06:29]} cxb3 {[%emt 0:01:42]} 24. cxb3 {[%emt 0:02:23]} Nxe3+ {[%emt 0:
00:40]} 25. Qxe3 {[%emt 0:00:16]} Rxd3 {[%emt 0:00:05]} 26. Rac1 {[%emt 0:07:
30]} Qb7 {[%emt 0:05:45]} 27. Qc5 {[%emt 0:04:31]} Rxb3 {[%emt 0:01:34]} 28.
Rc3 {[%emt 0:02:35]} Bf8 {[%emt 0:02:33]} 29. Qe3 {[%emt 0:04:31]} Rxc3 {
[%emt 0:00:15]} 30. Qxc3 {[%emt 0:00:08]} b4 {[%emt 0:00:12]} 31. axb4 {
[%emt 0:00:15]} axb4 {[%emt 0:00:16]} 32. Qb3 {[%emt 0:01:23]} Qe4 {[%emt 0:01:
39]} 33. Kg3 {[%emt 0:11:12]} Rd3 {[%emt 0:00:04]} 34. Qb2 {[%emt 0:01:37]} h6
{[%emt 0:01:17]} 35. h4 {[%emt 0:02:14]} b3 {[%emt 0:00:54]} 36. Qf2 {[%emt 0:
03:08]} Ba3 {[%emt 0:02:38]} 37. Qa7 {[%emt 0:00:39]} b2 {[%emt 0:01:50]} 38.
Qb8+ {[%emt 0:00:29]} Kg7 {[%emt 0:00:03]} 39. g5 {[%emt 0:04:42]} b1=Q {
[%emt 0:02:02]} 40. gxh6+ {[%emt 0:00:41]} Kh7 {[%emt 0:00:05]} 41. Qxb1 {
[%emt 0:02:20]} Rxf3+ {[%emt 0:00:15]} 42. Kg2 {[%emt 0:00:24]} Qe2+ {[%emt 0:
54:20] Kg3 Qe4+} 0-1

[Event "FIN-ch Seniors 2019"]
[Site "Helsinki"]
[Date "2019.06.15"]
[Round "6.2"]
[White "Aakio, Seppo"]
[Black "Kivipelto, Kaj"]
[Result "*"]
[WhiteElo "2051"]
[BlackElo "2130"]
[Annotator "ChessBase"]
[PlyCount "43"]
[EventDate "2019.06.10"]
[EventType "swiss"]
[EventCountry "FIN"]
[SourceTitle "playchess.com"]
[Source "ChessBase"]
[SourceQuality "1"]
[TimeControl "40/5400+30:1800+30"]

1. e4 {[%emt 0:00:00]} c5 {[%emt 0:00:00]} 2. Nf3 {[%emt 0:00:00]} Nc6 {
[%emt 0:00:00]} 3. d4 {[%emt 0:00:02]} cxd4 {[%emt 0:00:00]} 4. Nxd4 {[%emt 0:
00:05]} Nf6 {[%emt 0:00:00]} 5. Nc3 {[%emt 0:00:08]} d6 {[%emt 0:00:08]} 6. Be2
{[%emt 0:01:01]} g6 {[%emt 0:01:02]} 7. Be3 {[%emt 0:00:44]} Bg7 {[%emt 0:00:
07]} 8. O-O {[%emt 1:32:00]} O-O {[%emt 0:00:38]} 9. a4 {[%emt 0:02:02]} Ng4 {
[%emt 0:07:46]} 10. Bxg4 {[%emt 0:00:51]} Bxg4 {[%emt 0:00:02]} 11. Qxg4 {
[%emt 0:02:12]} Nxd4 {[%emt 0:00:14]} 12. Qd1 {[%emt 0:00:13]} Nc6 {[%emt 0:02:
02]} 13. Nd5 {[%emt 0:11:44]} Bxb2 {[%emt 0:07:29]} 14. Rb1 {[%emt 0:00:07]}
Bg7 {[%emt 0:00:19]} 15. Rxb7 {[%emt 0:00:21]} e6 {[%emt 0:00:18]} 16. Nf4 {
[%emt 0:05:10]} Na5 {[%emt 0:23:44]} 17. Rxa7 {[%emt 0:19:44]} Nc4 {[%emt 0:01:
19]} 18. Qd3 {[%emt 0:22:31]} Nxe3 {[%emt 0:00:39]} 19. Rxa8 {[%emt 0:00:49]}
Qxa8 {[%emt 0:00:12]} 20. fxe3 {[%emt 0:00:25]} Qxa4 {[%emt 0:01:56]} 21. Qxd6
{[%emt 0:12:25]} Qxe4 {[%emt 0:12:47]} 22. Qd3 {[%emt 0:00:11]} *

[Event "FIN-ch Seniors 2019"]
[Site "Helsinki"]
[Date "2019.06.15"]
[Round "6.3"]
[White "Peltola, Leo"]
[Black "Auvinen, Esa"]
[Result "*"]
[WhiteElo "1933"]
[BlackElo "1899"]
[Annotator "NA"]
[PlyCount "81"]
[EventDate "2019.06.10"]
[EventType "swiss"]
[EventCountry "FIN"]
[SourceTitle "playchess.com"]
[Source "ChessBase"]
[SourceQuality "1"]
[TimeControl "40/5400+30:1800+30"]

1. e4 {[%emt 1:30:30]} e5 {[%emt 0:00:00]} 2. Nf3 {[%emt 1:31:00]} Nc6 {
[%emt 0:00:00]} 3. Bb5 {[%emt 0:00:00]} f5 {[%emt 1:31:30]} 4. Nc3 {[%emt 0:00:
00]} fxe4 {[%emt 0:01:04]} 5. Nxe4 {[%emt 0:00:07]} Nf6 {[%emt 0:00:09]} 6. Qe2
{[%emt 0:01:37]} d6 {[%emt 0:18:53]} 7. d4 {[%emt 0:02:49]} Bg4 {[%emt 0:00:35]
} 8. dxe5 {[%emt 1:29:27]} dxe5 {[%emt 0:02:18]} 9. O-O {[%emt 0:03:01]} (9.
Bg5 $142) 9... Bd6 {[%emt 0:02:56]} 10. h3 {[%emt 0:04:47]} Bxf3 {[%emt 0:05:
32]} 11. Nxd6+ {[%emt 0:05:53]} ({Of course not} 11. gxf3 $6 Qd7 $11) (11. Qxf3
$16 O-O 12. c3) 11... cxd6 {[%emt 0:01:41]} 12. Qxf3 {[%emt 0:00:19]} Qb6 {
[%emt 0:03:46]} 13. Qb3 $16 {[%emt 0:07:18]} O-O-O {[%emt 0:03:12]} 14. Be3 {
[%emt 0:01:10]} Qc7 {[%emt 0:05:59]} 15. Rfd1 {[%emt 1:06:47]} Kb8 {[%emt 0:06:
25]} 16. c3 {[%emt 0:04:15]} Rhe8 {[%emt 0:45:16]} 17. a4 {[%emt 0:04:26]} Ka8
{[%emt 0:01:05]} 18. a5 {[%emt 0:01:26]} Rc8 {[%emt 0:09:57]} 19. Qa3 {[%emt 0:
04:35]} d5 {[%emt 0:05:01]} 20. Bb6 {[%emt 0:03:26]} Qe7 {[%emt 0:04:58]} 21.
Qa4 {[%emt 0:45:43]} a6 {[%emt 0:04:33]} 22. Bf1 {[%emt 0:04:40]} Nb8 {[%emt 0:
01:03]} 23. Rac1 {[%emt 0:05:12]} Qd7 {[%emt 0:01:23]} 24. Qa3 {[%emt 0:35:32]}
Qe7 {[%emt 0:00:59]} 25. b4 {[%emt 0:00:30]} Nbd7 {[%emt 0:02:26]} 26. Be3 {
[%emt 0:03:39]} Rc7 {[%emt 0:01:16]} 27. Qb2 {[%emt 0:03:36]} Rec8 {[%emt 0:00:
30]} 28. b5 {[%emt 0:00:55]} Nb8 {[%emt 0:00:46]} 29. bxa6 {[%emt 0:03:01]}
bxa6 {[%emt 0:02:18]} 30. Bb6 {[%emt 0:23:33]} Rc6 {[%emt 0:01:44]} 31. Re1 {
[%emt 0:20:47]} e4 {[%emt 0:02:21]} 32. Bd4 {[%emt 0:02:02]} R8c7 {[%emt 0:00:
49]} 33. Rb1 {[%emt 0:16:53]} Rb7 {[%emt 0:00:17]} 34. Qa2 {[%emt 0:00:31]} Qd7
{[%emt 0:02:04]} 35. Rxb7 {[%emt 0:00:33]} Kxb7 {[%emt 0:00:22]} 36. Qb3+ {
[%emt 0:01:23]} Ka8 {[%emt 0:00:18]} 37. Rb1 {[%emt 0:00:31]} Qc7 {[%emt 0:02:
00]} 38. Be5 {[%emt 0:00:43]} Qc8 {[%emt 0:00:40]} 39. Bxb8 {[%emt 0:00:53]}
Rxc3 {[%emt 0:00:41]} 40. Qb6 {[%emt 0:00:24]} Rc6 {[%emt 0:00:40]} 41. Qb2 {
[%emt 0:43:58]} *

[Event "FIN-ch Seniors 2019"]
[Site "Helsinki"]
[Date "2019.06.15"]
[Round "6.4"]
[White "Koskinen, Veikko"]
[Black "Ruotanen, Helge"]
[Result "*"]
[WhiteElo "1866"]
[BlackElo "1920"]
[Annotator "NA"]
[PlyCount "41"]
[EventDate "2019.06.10"]
[EventType "swiss"]
[EventCountry "FIN"]
[SourceTitle "playchess.com"]
[Source "ChessBase"]
[SourceQuality "1"]
[TimeControl "40/5400+30:1800+30"]

1. e4 {[%emt 1:30:30]} d6 {[%emt 1:30:30]} 2. d4 {[%emt 0:00:30]} g6 {[%emt 0:
00:30]} 3. f4 {[%emt 0:00:30]} Bg7 {[%emt 0:00:30]} 4. Nc3 {[%emt 0:00:30]} Nc6
{[%emt 0:00:30]} 5. Be3 {[%emt 0:00:30]} e5 {[%emt 0:00:30]} 6. dxe5 {[%emt 0:
00:30]} Nh6 {[%emt 0:00:30]} 7. Nf3 {[%emt 0:00:30]} O-O {[%emt 0:00:30] [#]}
8. Qd2 {[%emt 0:00:30]} (8. h3 $142 $1) 8... dxe5 {[%emt 0:00:30]} 9. fxe5 {
[%emt 0:00:30]} Qxd2+ {[%emt 0:00:30]} 10. Bxd2 {[%emt 0:00:30]} Bd7 {[%emt 0:
00:30] [#]} 11. h3 $16 {[%emt 0:00:30]} Rfe8 {[%emt 0:00:30]} 12. Nd5 {[%emt 0:
00:30]} Red8 {[%emt 0:00:30]} 13. Bg5 {[%emt 0:00:30]} Kh8 {[%emt 0:00:30]} 14.
Bxd8 {[%emt 0:00:30]} Rxd8 {[%emt 0:00:30]} 15. O-O-O {[%emt 0:00:30]} Nxe5 {
[%emt 0:00:30]} 16. Nxe5 {[%emt 0:00:30]} Bxe5 {[%emt 0:00:30]} 17. Nc3 {
[%emt 0:00:30]} Kg7 {[%emt 0:00:30]} 18. g4 {[%emt 0:00:30]} Kf8 {[%emt 0:00:
30]} 19. Bg2 {[%emt 0:00:30]} c6 {[%emt 0:00:30]} 20. Rhf1 {[%emt 0:00:30]} Ke7
{[%emt 0:00:30]} 21. Ne2 {[%emt 0:00:30]} *

[Event "FIN-ch Seniors 2019"]
[Site "Helsinki"]
[Date "2019.06.15"]
[Round "6.5"]
[White "Nyrhinen, Harri"]
[Black "Terasalo, Kari"]
[Result "1-0"]
[WhiteElo "2001"]
[BlackElo "1780"]
[Annotator "NA"]
[PlyCount "93"]
[EventDate "2019.06.10"]
[EventType "swiss"]
[EventCountry "FIN"]
[SourceTitle "playchess.com"]
[Source "ChessBase"]
[SourceQuality "1"]
[TimeControl "40/5400+30:1800+30"]

1. e4 {[%emt 0:00:00]} c5 {[%emt 0:00:00]} 2. c3 {[%emt 0:00:00]} Nc6 {[%emt 0:
00:00]} 3. d4 {[%emt 0:00:00]} cxd4 {[%emt 0:00:00]} 4. cxd4 {[%emt 0:00:00]}
e6 {[%emt 0:01:40]} 5. Nc3 {[%emt 0:00:30]} a6 {[%emt 0:00:07]} (5... d5 $1 $11
) 6. Nf3 {[%emt 0:00:48]} b5 {[%emt 0:00:47]} 7. Bd3 {[%emt 0:07:50]} Nf6 {
[%emt 0:04:21]} 8. O-O {[%emt 0:01:52]} Be7 {[%emt 0:00:36]} 9. Bf4 {[%emt 0:
08:47]} Bb7 {[%emt 0:07:27]} ({Black should try} 9... Nb4 $14) 10. d5 {[%emt 0:
05:44]} Nb4 {[%emt 0:13:57]} 11. d6 {[%emt 0:03:09]} Bf8 $16 {[%emt 0:00:44]}
12. Bb1 {[%emt 0:05:46]} Nh5 {[%emt 0:12:20]} 13. Be3 {[%emt 0:10:57]} Nf6 {
[%emt 0:10:09]} 14. Bc5 {[%emt 0:07:51]} Nc6 {[%emt 0:05:19]} 15. e5 {[%emt 0:
02:20]} Ng8 {[%emt 0:00:54]} 16. Bd3 {[%emt 0:09:37]} Nxe5 {[%emt 0:06:24]} 17.
Be4 {[%emt 0:17:36]} Nxf3+ {[%emt 0:09:46]} 18. Bxf3 {[%emt 0:00:18]} Bxf3 {
[%emt 0:00:37]} 19. Qxf3 {[%emt 0:00:02]} Rc8 {[%emt 0:03:53]} 20. b4 {[%emt 0:
01:09]} Nf6 {[%emt 0:03:42]} 21. a4 {[%emt 0:02:36]} bxa4 {[%emt 0:02:03]} 22.
Rxa4 {[%emt 0:02:48]} g6 {[%emt 0:01:52]} 23. Rxa6 {[%emt 0:04:47]} Bg7 {
[%emt 0:00:12]} 24. Bb6 {[%emt 0:01:25]} Rxc3 {[%emt 0:04:10]} 25. Qxc3 {
[%emt 0:01:23]} Qb8 {[%emt 0:00:40]} 26. Bc7 {[%emt 0:00:58]} Qc8 {[%emt 0:00:
17]} 27. b5 {[%emt 0:02:05]} O-O {[%emt 0:00:13]} 28. Qb3 {[%emt 0:00:22]} Qb7
{[%emt 0:00:54]} 29. Rfa1 {[%emt 0:01:50]} Qe4 {[%emt 0:02:30]} 30. Qf3 {
[%emt 0:01:12]} Qc2 {[%emt 0:01:20]} 31. Ra8 {[%emt 0:00:34]} Ne8 {[%emt 0:01:
03]} 32. Qd1 {[%emt 0:00:28]} Qf5 {[%emt 0:01:33]} 33. Rb1 {[%emt 0:00:38]} Be5
{[%emt 0:01:33]} 34. b6 {[%emt 0:00:33]} Bd4 {[%emt 0:03:47]} 35. Qe1 {[%emt 0:
00:42]} Bxf2+ {[%emt 0:00:10]} 36. Qxf2 {[%emt 0:00:12]} Qxb1+ {[%emt 0:00:02]}
37. Qf1 {[%emt 0:00:06]} Qb4 {[%emt 0:01:11]} 38. Qd1 {[%emt 0:00:42]} Qc5+ {
[%emt 0:00:26]} 39. Kh1 {[%emt 0:00:07]} Qc6 {[%emt 0:00:40]} 40. Rb8 {[%emt 0:
00:17]} h5 {[%emt 0:00:35]} 41. h3 {[%emt 0:30:12]} Ng7 {[%emt 0:31:17]} 42.
Rxf8+ {[%emt 0:00:12]} Kxf8 {[%emt 0:00:04]} 43. Qf3 {[%emt 0:01:14]} Qc1+ {
[%emt 0:01:26]} 44. Kh2 {[%emt 0:00:06]} Nf5 {[%emt 0:00:00]} 45. b7 {[%emt 0:
00:00]} Ne3 {[%emt 0:00:00]} 46. b8=Q+ {[%emt 0:00:00]} Kg7 {[%emt 0:00:00]}
47. Qb5 {[%emt 0:00:00]} 1-0

[Event "FIN-ch Seniors 2019"]
[Site "Helsinki"]
[Date "2019.06.15"]
[Round "6.6"]
[White "Lyly, Seppo"]
[Black "Visti, Heikki"]
[Result "1/2-1/2"]
[WhiteElo "1907"]
[BlackElo "2000"]
[Annotator "NA"]
[PlyCount "54"]
[EventDate "2019.06.10"]
[EventType "swiss"]
[EventCountry "FIN"]
[SourceTitle "playchess.com"]
[Source "ChessBase"]
[SourceQuality "1"]
[TimeControl "40/5400+30:1800+30"]

1. c4 {[%emt 1:30:30]} Nf6 {[%emt 1:30:30]} 2. Nc3 {[%emt 0:00:30]} e6 {
[%emt 0:00:30]} 3. g3 {[%emt 0:00:30]} d5 {[%emt 0:00:30]} 4. cxd5 {[%emt 0:00:
30]} exd5 {[%emt 0:00:30]} 5. Bg2 {[%emt 0:00:30]} Be7 {[%emt 0:00:30]} 6. Nf3
{[%emt 0:00:30]} O-O {[%emt 0:00:30]} 7. d4 {[%emt 0:00:30]} h6 {[%emt 0:00:30]
} 8. O-O {[%emt 0:00:30]} c6 {[%emt 0:00:30]} 9. Bf4 {[%emt 0:00:30]} Bf5 {
[%emt 0:00:30]} 10. Qb3 {[%emt 0:00:30]} Qb6 {[%emt 0:00:30]} 11. Qxb6 {
[%emt 0:00:30]} axb6 {[%emt 0:00:30]} 12. a3 {[%emt 0:00:30] D11: Slav Defence:
3 Nf3 sidelines and 3...Nf6 4 e3 Bg4} (12. Ne5 b5 13. a3 Nbd7 14. Rfd1 Rfd8 15.
f3 Nb6 16. e4 Be6 17. Bf1 dxe4 18. fxe4 Bb3 19. Re1 Na4 20. Nxa4 Rxa4 {0-1 (51)
Ursan,P (2204)-Bokros,A (2489) Corund 2016}) 12... Nbd7 {[%emt 0:00:30]} 13.
Nd2 {[%emt 0:00:30]} b5 {[%emt 0:00:30]} 14. f3 {[%emt 0:00:30]} Nb6 $146 {
[%emt 0:00:30]} ({Predecessor:} 14... g5 15. Be3 Rfe8 {1/2-1/2 (40) Oe,O (1927)
-Madsen,S (2052) Skorping 2017}) 15. e4 {[%emt 0:00:30]} dxe4 {[%emt 0:00:30]}
16. fxe4 {[%emt 0:00:30]} Be6 {[%emt 0:00:30]} 17. d5 {[%emt 0:00:30]} Bc5+ {
[%emt 0:00:30]} 18. Kh1 {[%emt 0:00:30]} cxd5 {[%emt 0:00:30]} 19. Nb3 {
[%emt 0:00:30]} Be7 {[%emt 0:00:30]} 20. e5 $15 {[%emt 0:00:30]} Ne4 {[%emt 0:
00:30]} 21. Nxb5 {[%emt 0:00:30]} g5 {[%emt 0:00:30]} 22. Be3 Nc4 {[%emt 0:00:
30]} 23. Bd4 Ncd2 {[%emt 0:00:30]} 24. Nxd2 {[%emt 0:01:30]} Nxd2 {[%emt 0:00:
30]} 25. Rf2 {[%emt 0:00:30]} Nb3 {[%emt 0:00:30]} 26. Rd1 {[%emt 0:00:30]}
Nxd4 {[%emt 0:00:30]} 27. Rxd4 {[%emt 0:00:30]} Rfd8 {[%emt 0:00:30]} 1/2-1/2

[Event "FIN-ch Seniors 2019"]
[Site "Helsinki"]
[Date "2019.06.15"]
[Round "6.7"]
[White "Sorri, Kari Juhani"]
[Black "Sihvonen, Tero"]
[Result "1-0"]
[WhiteElo "2184"]
[BlackElo "1983"]
[Annotator "ChessBase"]
[PlyCount "83"]
[EventDate "2019.06.10"]
[EventType "swiss"]
[EventCountry "FIN"]
[SourceTitle "playchess.com"]
[Source "ChessBase"]
[SourceQuality "1"]
[TimeControl "40/5400+30:1800+30"]

1. d4 {[%emt 0:00:00]} d5 {[%emt 0:00:03]} 2. Nf3 {[%emt 0:00:00]} Nf6 {
[%emt 0:03:02]} 3. g3 {[%emt 0:00:11]} Bf5 {[%emt 0:02:25]} 4. Bg2 {[%emt 0:00:
41]} c6 {[%emt 0:01:41]} 5. O-O {[%emt 0:01:25]} Qc8 {[%emt 0:02:53]} 6. Re1 {
[%emt 0:01:11]} h6 {[%emt 0:02:20]} 7. Nbd2 {[%emt 0:02:11]} Nbd7 {[%emt 0:12:
26]} 8. b3 {[%emt 0:03:58]} Ne4 {[%emt 0:00:30]} 9. Bb2 {[%emt 0:02:07]} Ndf6 {
[%emt 0:06:30]} 10. c4 {[%emt 0:06:40]} Ng4 {[%emt 0:07:07]} 11. Nxe4 {[%emt 0:
02:11]} Bxe4 {[%emt 0:02:50]} 12. cxd5 {[%emt 0:01:08]} cxd5 {[%emt 0:04:07]}
13. Qc1 {[%emt 0:09:17]} Qf5 {[%emt 0:11:23]} 14. Qc7 {[%emt 0:01:43]} Qd7 {
[%emt 0:04:07]} 15. Qxd7+ {[%emt 0:07:04]} Kxd7 {[%emt 0:00:29]} 16. Bh3 {
[%emt 0:00:18]} f5 {[%emt 0:08:23]} 17. Bxg4 {[%emt 0:02:03]} fxg4 {[%emt 0:00:
33]} 18. Ne5+ {[%emt 0:00:06]} Kc7 {[%emt 0:07:59]} 19. Rac1+ {[%emt 0:03:22]}
Kb6 {[%emt 0:01:05]} 20. Nxg4 {[%emt 0:00:26]} e6 {[%emt 0:00:33]} 21. Ne5 {
[%emt 0:00:13]} Bb4 {[%emt 0:01:31]} 22. Red1 {[%emt 0:00:49]} Rac8 {[%emt 0:
01:56]} 23. f3 {[%emt 0:01:36]} Bc2 {[%emt 0:00:48]} 24. Rf1 {[%emt 0:24:16]}
Bd2 {[%emt 0:03:59]} 25. Nc4+ {[%emt 0:03:19]} dxc4 {[%emt 0:00:54]} 26. Rxc2 {
[%emt 0:00:10]} Be3+ {[%emt 0:00:07]} 27. Kg2 {[%emt 0:04:23]} cxb3 {[%emt 0:
00:25]} 28. Rc5 {[%emt 0:02:22]} Rhd8 {[%emt 0:05:20]} 29. axb3 {[%emt 0:01:38]
} g5 {[%emt 0:01:47]} 30. Re5 {[%emt 0:00:40]} Bxd4 {[%emt 0:01:19]} 31. Rxe6+
{[%emt 0:00:25]} Rc6 {[%emt 0:00:47]} 32. Rxc6+ {[%emt 0:01:02]} Kxc6 {[%emt 0:
00:17]} 33. Rc1+ {[%emt 0:00:50]} Kb6 {[%emt 0:01:38]} 34. Rd1 {[%emt 0:00:43]}
Bf6 {[%emt 0:00:54]} 35. Rxd8 {[%emt 0:00:11]} Bxd8 {[%emt 0:00:06]} 36. g4 {
[%emt 0:00:09]} Kc5 {[%emt 0:01:14]} 37. Bg7 {[%emt 0:00:14]} Kb4 {[%emt 0:00:
28]} 38. Bxh6 {[%emt 0:00:11]} Kxb3 {[%emt 0:00:13]} 39. f4 {[%emt 0:00:23]}
gxf4 {[%emt 0:02:08]} 40. g5 {[%emt 0:00:14]} Kc2 {[%emt 0:02:06]} 41. g6 {
[%emt 0:30:21]} Bf6 {[%emt 0:02:49]} 42. g7 {[%emt 0:00:00]} 1-0

[Event "FIN-ch Seniors 2019"]
[Site "Helsinki"]
[Date "2019.06.15"]
[Round "6.8"]
[White "Saharinen, Petri"]
[Black "Gronroos, Matti"]
[Result "1-0"]
[WhiteElo "1719"]
[BlackElo "1931"]
[Annotator "NA"]
[PlyCount "79"]
[EventDate "2019.06.10"]
[EventType "swiss"]
[EventCountry "FIN"]
[SourceTitle "playchess.com"]
[Source "ChessBase"]
[SourceQuality "1"]
[TimeControl "40/5400+30:1800+30"]

1. d4 {[%emt 1:30:30]} d5 {[%emt 1:30:30]} 2. c4 {[%emt 0:00:30]} c6 {[%emt 0:
00:30]} 3. Nc3 {[%emt 0:00:30]} dxc4 {[%emt 0:00:30]} 4. a4 {[%emt 0:00:30]} e5
{[%emt 0:00:30]} 5. dxe5 {[%emt 0:00:30]} Qxd1+ {[%emt 0:00:30]} 6. Nxd1 {
[%emt 0:00:30]} Na6 {[%emt 0:00:30]} 7. Bd2 {[%emt 0:00:30]} Be6 {[%emt 0:00:
30]} 8. Nc3 {[%emt 0:00:30]} O-O-O {[%emt 0:00:30]} 9. Nf3 {[%emt 0:00:30]} h6
{[%emt 0:00:30]} 10. e3 {[%emt 0:00:30]} Nb4 {[%emt 0:00:30]} 11. O-O-O {
[%emt 0:00:30]} Nd3+ {[%emt 0:00:30]} 12. Bxd3 {[%emt 0:00:30]} cxd3 {[%emt 0:
00:30]} 13. Nd4 {[%emt 0:00:30]} Bc4 {[%emt 0:00:30]} 14. b3 {[%emt 0:00:30]}
Ba6 {[%emt 0:00:30]} 15. Kb2 {[%emt 0:00:30]} g6 {[%emt 0:00:30]} 16. f4 {
[%emt 0:00:30]} Ne7 {[%emt 0:00:30]} 17. Rc1 {[%emt 0:00:30]} Kb8 {[%emt 0:00:
30]} 18. Rhd1 {[%emt 0:00:30]} c5 $16 {[%emt 0:00:30]} (18... b6 $11) 19. Ndb5
{[%emt 0:00:30]} Nc8 {[%emt 0:00:30]} 20. Ne4 {[%emt 0:00:30]} b6 {[%emt 0:00:
30]} 21. Bc3 {[%emt 0:00:30]} Bxb5 {[%emt 0:00:30]} 22. axb5 {[%emt 0:00:30]}
Bg7 {[%emt 0:00:30]} 23. Nf2 {[%emt 0:00:30]} Ne7 {[%emt 0:00:30]} 24. e4 {
[%emt 0:00:30]} h5 {[%emt 0:00:30]} 25. Rxd3 {[%emt 0:00:30]} Bh6 {[%emt 0:00:
30]} 26. Rcd1 {[%emt 0:00:30]} Rxd3 {[%emt 0:00:30]} 27. Rxd3 {[%emt 0:00:30]}
Kc8 {[%emt 0:00:30]} 28. e6 {[%emt 0:00:30]} Rh7 {[%emt 0:00:30]} 29. exf7 {
[%emt 0:00:30]} Rxf7 {[%emt 0:00:30]} 30. g3 {[%emt 0:00:30]} g5 {[%emt 0:00:
30]} 31. f5 {[%emt 0:00:30]} g4 {[%emt 0:00:30]} 32. Rd6 {[%emt 0:00:30]} Bg5 {
[%emt 0:00:30]} 33. Nd3 {[%emt 0:00:30]} Rh7 {[%emt 0:00:30]} 34. Be5 {[%emt 0:
00:30]} Rf7 {[%emt 0:00:30]} 35. Kc3 {[%emt 0:00:30]} Be3 {[%emt 0:00:30]} 36.
Kc4 {[%emt 0:00:30]} Bg1 {[%emt 0:00:30]} 37. Bf6 {[%emt 0:00:30]} Bxh2 {
[%emt 0:00:30]} 38. Bh4 {[%emt 0:00:30]} Bg1 {[%emt 0:00:30]} 39. Ne5 {[%emt 0:
00:30]} Rh7 {[%emt 0:00:30]} 40. f6 {[%emt 0:00:30]} 1-0